000 00282nam a22001337a 4500
008 181217b xxu||||| |||| 00| 0 eng d
020 _a071162003505
041 _aeng
080 _a038
100 _a23
101 _aFJA
245 _aStandard Dictionary
_cFunk
942 _2udc
_cBK
999 _c53246
_d53246